000 00819nam a2200277Ia 4500
003 OSt
005 20221005023053.0
006 a|||||r|||| 00| 0
007 ta
008 221004b |||||||| |||| 00| 0 ara d
020 _a9789382201113 (hbk)
_cINR 350.00
024 _a65550
037 _b2395, 29/02/2020, M.R.Publications
_cTextual
040 _aCRL
_cCRL
_bara
041 _2ara
_aara
082 _aQ7:21v, 168Q6
100 _aNadvi Abdussalam Au.
245 0 _aTareekh fiqah islami
260 _aAzamgarh
_bDarul musannifeen Shibli academy India
_c2016
300 _a471p.
_ccm.
650 _a ISLAM
650 _a QURAN
_933479
650 _aHISTORY
942 _hQ7:21v, 168Q6
_cTEXL
_2cc
999 _c930533
_d930533